| 000 | 00727nam a22002411 4500 | ||
|---|---|---|---|
| 001 | 1138 | ||
| 003 | BD-RjUL | ||
| 005 | 20211208233300.0 | ||
| 008 | 131124s1962 enk 00|00 eng d | ||
| 035 | _a(BD-RjUL)1160 | ||
| 040 |
_aBD-RjUL _beng _cBD-RjUL _dBD-RjUL |
||
| 041 | _aeng | ||
| 082 | 0 |
_a808.84 _219 _bIBE 1962 |
|
| 245 | 0 | 0 |
_aI believe / _cby W.H. Auden ... [et al.] |
| 260 | 0 |
_aLondon : _bAllen & Unwin, _c1962 |
|
| 300 |
_a380p.: _c21 cm. |
||
| 500 | _aHalf-title: The personal philosophies of 23 eminent men and women of our time. | ||
| 650 |
_aAbsolution _93362 |
||
| 650 |
_aAnglican Communion _93363 |
||
| 650 |
_aTheology _93364 |
||
| 700 | 1 | 0 |
_aAuden, W. H. _q(Wystan Hugh), _d1907-1973. _93365 |
| 942 |
_2ddc _cBK |
||
| 999 |
_c1138 _d1138 |
||